Deutschland: Geografie mit N - Statistiken

Allgemein
  • Dieses Quiz wurde 450 mal gespielt
  • Das Durchschnittsergebnis liegt bei 9 aus 14
Antwortstatistiken
Hinweis Antwort % Korrekt
Größte Stadt in Franken, KFZ-Kennzeichen "N" Nürnberg
99%
Bevölkerungsreichstes Bundesland Nordrhein-Westfalen
97%
Das wahrscheinlich international berühmteste Schloss Deutschlands befindet sich in der Nähe von Füssen Neuschwanstein
93%
Einer der am dichtesten besiedelten und multikulturellsten Bezirke Berlins mit etwa 330.000 Einwohnern Neukölln
76%
Flusstal östlich von Düsseldorf, das durch den Fund von Überresten eines Urzeitmenschen weltbekannt wurde {Neander}tal
72%
In Deutschland gibt es 13 Städte mit diesem Namen; Benjamin Blümchen wurde jedoch bisher in keiner davon gesichtet Neustadt
71%
Neben Borkum die einzige Ostfriesische Insel, die nicht autofrei ist Norderney
69%
Fluss, der zusammen mit der Oder den Großteil der Grenze zwischen Deutschland und Polen bildet Neiße
67%
In Deutschland gibt es 16 dieser Schutzgebiete, der erste wurde 1970 im Bayerischen Wald eingerichtet {National}park
65%
Landkreis in Schleswig-Holstein mit Sitz in Husum, zu dem auch Inseln wie Sylt und Amrum gehören Nordfriesland
53%
Die Stadt war Sitz eines der drei DDR-Bezirke, die im Land Mecklenburg-Vorpommern aufgingen Neubrandenburg
46%
Zweitgrößte Stadt des Saarlandes, Geburtsort von Erich Honecker Neunkirchen
44%
Stadt in Sachsen-Anhalt, deren Dom und Altstadt zum UNESCO-Weltkulturerbe gehören Naumburg
41%
Eines der 13 deutschen Weinbaugebiete, nach einem rheinland-pfälzischen Fluss benannt Nahe
37%
Keine übereinstimmenden Quizze gefunden
Verteilung der Resultate
Anzahl Personen mit jedem Resultat
Perzentil nach korrekt beantworteten Fragen
Ihre Resultats-Entwicklung
Sie haben dieses Quiz noch nicht gespielt